Countries Mentioned in Bill Wurtz's History of the World - Statistics

General Stats
  • This quiz has been taken 260 times
    204 since last reset
  • The average score is 23 of 34
Answer Stats
Continent Country % Correct
Americas United States
96%
Asia China
93%
Europe France
92%
Europe Germany
92%
Asia Japan
91%
Europe United Kingdom
91%
Europe Russia
90%
Europe Spain
89%
Asia India
86%
Africa Egypt
84%
Americas Brazil
79%
Asia Turkey
78%
Europe Italy
77%
Europe Portugal
76%
Americas Cuba
75%
Africa South Africa
70%
Africa Ethiopia
69%
Asia Iran
69%
Oceania Tonga
65%
Asia Vietnam
65%
Asia Thailand
63%
Europe Austria
60%
Asia Pakistan
59%
Americas Panama
55%
Americas Haiti
52%
Asia Bangladesh
51%
Asia Mongolia
49%
Asia Afghanistan
47%
Africa Mali
45%
Asia Oman
42%
Africa Ghana
39%
Africa Chad
37%
Asia Myanmar
26%
Europe Lithuania
14%
No matching quizzes found
Score Distribution
Percent of People with Each Score
Percentile by Number Answered
Your Score History
You have not taken this quiz since the last reset